000 00338nam a2200121 4500
999 _c515015
_d515015
082 _aTNC AAx54 Ah51
100 _aAhmed, S.Guljar
_920084
245 _aThe void:
_bthe emptiness of universe
260 _aBangalore
_bThe author
_c2005
300 _a128P.
650 _aPhilosophy.
_920318
650 _aIndic prose literature (English)
_920319